000 01490nam0a2200301 4500
001 RU\NLR\bibl\935724
005 20250614193603.0
010 _a5-292-03478-9
_9100
021 _aRU
_b2006-13962
_9684
035 _a(NLR Aleph) 000923926
090 _a117364
_c117364
100 _a20060419d2006 |||y0rusy50 ca
101 0 _arus
102 _aRU
105 _ay |||||||||
200 1 _aЭтнический состав населения Саратовской области
_eучебно-методическое пособие для студентов географического факультета
_fС. В. Уставщикова
_gСарат. гос. ун-т им. Н. Г. Чернышевского
210 _aСаратов
_cИзд-во Саратовского университета
_d2006
215 _a74 с.
_d21
320 _aБиблиогр.: с. 55
606 1 _aНаселение
_jУчебно-методические пособия для высших учебных заведений
_xЭтнический состав
_yСаратовская область
_92424695
_3RU\NLR\auth\661443682
686 _aС73(2Р-4Са)-234
700 1 _4070
_aУставщикова
_bС. В.
_cканд. геогр. наук
_gСветлана Владимировна
_9158308
_3RU\NLR\AUTH\770158349
801 0 _aRU
_bNLR
_c20060419
_grcr
801 1 _aRU
_bNLR
_c20060419
942 _cBOOK
980 _aNB